000 00679nam a22002177a 4500
001 2735
003 HMS
005 20250903161304.0
008 250903e1983 cl |||ern||| 001 0 spa
040 _ahms
_bspa
_chms
082 0 4 _a320.0983
_bP657
100 1 _aPinochet Ugarte, Augusto,
_d1915-2006
_eautor
_92041
245 1 0 _aPolítica, politiquería, demagogia/
_c[A. Pinochet U.].
_h[libro]
250 _a1ª edición , noviembre 1983
260 _aSantiago de Chile :
_bEditorial Renacimiento,
_c1983
300 _a119 páginas
500 _aIncluye índice
504 _aIncluye notas bibliográficas.
650 7 _aCiencias políticas
_zChile
_94166
942 _2ddc
_cCOL GRAL
_n0
999 _c2735
_d2735